Los innovadores. Redescubriendo la energía creativa de norteamérica /
Guardat en:
| Autor principal: | |
|---|---|
| Altres autors: | |
| Format: | Text |
| Publicat: |
México D.F.:
Gernika
|
| Etiquetes: |
Afegir etiqueta
Sense etiquetes, Sigues el primer a etiquetar aquest registre!
|
MARC
| LEADER | 00000 a a2200000 04500 | ||
|---|---|---|---|
| 001 | 23148 | ||
| 003 | |||
| 040 | |||
| 020 | |a 968-6642-46-3 | ||
| 090 | |a 159800 | ||
| 100 | |a Botkin, Jame | ||
| 245 | |a Los innovadores. Redescubriendo la energía creativa de norteamérica / |c Jame Botkin | ||
| 260 | |a México D.F.: |b Gernika | ||
| 300 | |a 393 p. | ||
| 700 | |a Dimancescu, Dan |a Stata, Ray | ||
| 999 | |c 12815 |d 12815 | ||



